Brady Bunch Family - Statistics

General Stats
  • This quiz has been taken 1,329 times
  • The average score is 8 of 10
Answer Stats
Hint Answer % Correct
Oldest Boy Greg
93%
Middle Girl Jan
90%
Youngest Girl Cindy
89%
Youngest Boy Bobby
88%
Middle Boy Peter
88%
Housekeeper Alice
84%
Oldest Girl Marcia
84%
Mother Carol
74%
Father Mike
73%
Bonus: Mother's Nephew Oliver
46%
No matching quizzes found
Score Distribution
Percent of People with Each Score
Percentile by Number Answered
Your Score History
You have not taken this quiz